Normal view
MARC view
- Foley, Kim Sen, Kunal Morin, Cathleen
Entry Corporate Name
001 - CONTROL NUMBER
- control field: 126337
003 - CONTROL NUMBER IDENTIFIER
- control field: NUST
005 - DATE AND TIME OF LATEST TRANSACTION
- control field: 20241009100748.0
008 - FIXED-LENGTH DATA ELEMENTS
- fixed length control field: 241009|| aca||aabn | a|a d
040 ## - CATALOGING SOURCE
- Original cataloging agency: NUST
- Transcribing agency: NUST
110 ## - HEADING--CORPORATE NAME
- Corporate name or jurisdiction name as entry element: Foley, Kim Sen, Kunal Morin, Cathleen
670 ## - SOURCE DATA FOUND
- Source citation: Work cat.: (NUST): Curtin, Dennis P. 74009, Information Technology:, 1994.
